[Event "14. Off. Herner Stadtmeisterschaft 2011"]
[Site "?"]
[Date "2011.03.16"]
[Round "5.27"]
[White "Czarnecki, Günter"]
[Black "Engwald, Siegfried"]
[Result "0-1"]
[WhiteElo "1076"]
[BlackElo "1443"]
[PlyCount "58"]
[EventDate "2011.??.??"]
[WhiteTeam "SV Unser Fritz W-E"]
[BlackTeam "SK Ickern 60"]

1. e4 e5 2. a3 Nf6 3. Nc3 c6 4. Bc4 d5 5. exd5 cxd5 6. Ba2 d4 7. Nce2 b6 8. d3
Bb7 9. f3 Be7 10. Nh3 O-O 11. O-O Bd5 12. b3 a5 13. Qe1 Nh5 14. Ng3 Nxg3 15.
Qxg3 Kh8 16. Qxe5 Bd6 17. Qxd5 Bxh2+ 18. Kxh2 Qxd5 19. Nf4 Qc6 20. Bb2 Qh6+ 21.
Nh3 Nc6 22. Bc1 Qd6+ 23. Kg1 f6 24. Bd2 Rae8 25. c4 g5 26. Rab1 Re2 27. Rf2
Rfe8 28. Rxe2 Rxe2 29. Ra1 Qg3 0-1

[Event "14. Off. Herner Stadtmeisterschaft 2011"]
[Site "?"]
[Date "2011.03.16"]
[Round "5.28"]
[White "Bittner, Reinhard"]
[Black "Quäschling, Udo"]
[Result "1-0"]
[WhiteElo "1408"]
[BlackElo "1787"]
[PlyCount "121"]
[EventDate "2011.??.??"]
[WhiteTeam "SV Unser Fritz W-E"]
[BlackTeam "SV Constantin Herne"]

1. d4 d5 2. Nf3 Nc6 3. c3 Bf5 4. Bg5 f6 5. Bf4 e6 6. e3 Bd6 7. Bg3 Nge7 8. Nbd2
e5 9. Bb5 Bd7 10. dxe5 fxe5 11. O-O h6 12. Rc1 Nf5 13. Bxc6 Bxc6 14. Bxe5 Bxe5
15. Nxe5 Qf6 16. Qh5+ g6 17. Qxg6+ Qxg6 18. Nxg6 Rg8 19. Nf4 O-O-O 20. Nf3 d4
21. Nxd4 Nxd4 22. cxd4 h5 23. Rc5 Rg7 24. d5 Bd7 25. Nxh5 Rg5 26. Nf4 Rdg8 27.
g3 c6 28. Rfc1 Kc7 29. b4 Kd6 30. Rd1 cxd5 31. Nxd5 Bg4 32. Rd2 Ke6 33. Nf4+
Kf6 34. Rd6+ Ke7 35. Rdd5 Rxd5 36. Nxd5+ Kd6 37. Nf6 b6 38. Ne4+ Ke6 39. Rg5
Rxg5 40. Nxg5+ Kf5 41. h4 Ke5 42. f3 Bh5 43. Kf2 Kd5 44. g4 Bg6 45. h5 Bb1 46.
a3 Kc4 47. h6 Kb3 48. Ne4 Kxa3 49. b5 Kb4 50. h7 Bxe4 51. fxe4 Kxb5 52. h8=Q a5
53. Qb2+ Kc5 54. Qa3+ Kc6 55. Ke2 Kb5 56. Kd3 a4 57. Kd4 Ka5 58. e5 b5 59. Qc5
Ka6 60. Kc3 Ka5 61. Qa7# 1-0

[Event "14. Off. Herner Stadtmeisterschaft 2011"]
[Site "?"]
[Date "2011.03.21"]
[Round "6.1"]
[White "Leveikina, Jevgenija"]
[Black "Trzaska, Peter"]
[Result "1/2-1/2"]
[WhiteElo "2100"]
[BlackElo "2126"]
[WhiteTeam "SK Herne-Sodingen 24"]
[BlackTeam "SK Herne-Sodingen 24"]

1. e4 c6 2. d4 d5 3. Nc3 dxe4 4. Nxe4 Nf6 5. Nxf6+ exf6 6. c3 Bd6 7. Bd3 O-O 8.
Ne2 c5 9. O-O Qc7 10. h3 Nd7 11. Qc2 h6 12. Be3 Rd8 13. Rad1 b6 14. Bh7+ Kh8
15. Be4 Bb7 16. Bxb7 Qxb7 17. Qf5 cxd4 18. Nxd4 Bf8 19. Nf3 Qc6 20. Qd5 Qxd5
21. Rxd5 Ne5 22. Rfd1 Nxf3+ 23. gxf3 Rxd5 24. Rxd5 Kh7 25. Rd7 Kg6 26. c4 f5
27. Bd4 f6 28. b3 f4 29. Kf1 Kf5 30. Rd5+ Ke6 31. Ke2 Bd6 32. Kd3 Rf8 33. Bc3
Bc5 34. Bd4 Bd6 35. Bb2 Bc5 36. Bd4 Bd6 37. Ke4 f5+ 38. Kd3 Rg8 39. a4 g5 40.
a5 Bc7 41. axb6 axb6 42. Rb5 Rb8 43. Bg7 h5 44. Bd4 g4 45. fxg4 hxg4 46. hxg4
fxg4 47. Rg5 g3 48. fxg3 fxg3 49. Ke4 Ra8 50. Rg6+ Kd7 51. Rg7+ Kc6 52. b4 Re8+
53. Kd3 Re6 54. Rg4 1/2-1/2

[Event "14. Off. Herner Stadtmeisterschaft 2011"]
[Site "?"]
[Date "2011.03.21"]
[Round "6.3"]
[White "Gorzinski, Dariusz"]
[Black "Ribbeheger, Edgar"]
[Result "0-1"]
[WhiteElo "1911"]
[BlackElo "1978"]
[WhiteTeam "SC Schalksmühle"]
[BlackTeam "SK Herne-Sodingen 24"]

1. e4 c5 2. c3 Nf6 3. e5 Nd5 4. Bc4 e6 5. d4 Nb6 6. Bb3 cxd4 7. cxd4 d6 8. exd6
Bxd6 9. Nc3 O-O 10. Nf3 Nc6 11. O-O Ne7 12. Qd3 Nbd5 13. Ng5 Ng6 14. Nxd5 exd5
15. Bc2 h6 16. Nxf7 Rxf7 17. Qxg6 Rf6 18. Qh5 Be6 19. Be3 Qd7 20. Qe2 Re8 21.
Bd3 a6 22. Rac1 Bg4 23. Qd2 Bf3 24. gxf3 Rxf3 0-1

[Event "14. Off. Herner Stadtmeisterschaft 2011"]
[Site "?"]
[Date "2011.03.21"]
[Round "6.4"]
[White "Schmidt, Ralph"]
[Black "Wickenfeld, Stefan"]
[Result "0-1"]
[WhiteElo "1844"]
[BlackElo "1987"]
[PlyCount "42"]
[EventDate "2011.??.??"]
[WhiteTeam "SV Linden-Dahlhausen"]
[BlackTeam "SK Herne-Sodingen 24"]

1. e4 d5 2. exd5 Nf6 3. d4 Nxd5 4. Nf3 Bf5 5. c3 e6 6. Bd3 Bxd3 7. Qxd3 c5 8.
O-O Nc6 9. Nbd2 Be7 10. Ne4 cxd4 11. Nxd4 Qb6 12. Nxc6 Qxc6 13. Qg3 f5 14. Qxg7
O-O-O 15. c4 Qxc4 16. Ng5 Rhe8 17. Qh6 Nf4 18. Be3 Kb8 19. Nf3 Nxg2 20. Bd4 Rg8
21. Kh1 Qd5 0-1

[Event "14. Off. Herner Stadtmeisterschaft 2011"]
[Site "?"]
[Date "2011.03.21"]
[Round "6.5"]
[White "Josten, Severin Johannes"]
[Black "Bartel, Mario"]
[Result "1/2-1/2"]
[WhiteElo "1813"]
[BlackElo "2122"]
[PlyCount "70"]
[EventDate "2011.??.??"]
[WhiteTeam "SV SW Oberhausen"]
[BlackTeam "SV Wattenscheid 30"]

1. e4 e5 2. Nf3 Nc6 3. Bb5 a6 4. Ba4 Nf6 5. O-O Nxe4 6. d4 b5 7. Bb3 d5 8. dxe5
Be6 9. Nbd2 Be7 10. Re1 Nc5 11. c3 Nd3 12. Re3 Nxc1 13. Rxc1 Na5 14. Nd4 Qd7
15. Rg3 g6 16. N2f3 Nxb3 17. axb3 c5 18. Nxe6 fxe6 19. Qd2 O-O 20. Re1 Rf5 21.
Re4 Raf8 22. Reg4 R8f7 23. Ng5 Bxg5 24. Rxg5 Qc7 25. Rxf5 Rxf5 26. f4 Qf7 27.
Rf3 g5 28. g3 Rxe5 29. Qf2 Rf5 30. Qxc5 Kg7 31. Qd6 a5 32. Re3 gxf4 33. Rxe6
fxg3 34. Re7 gxh2+ 35. Kxh2 Rf2+ 1/2-1/2

[Event "14. Off. Herner Stadtmeisterschaft 2011"]
[Site "?"]
[Date "2011.03.21"]
[Round "6.6"]
[White "Klinke, Werner"]
[Black "Pütter, Pascal"]
[Result "1/2-1/2"]
[WhiteElo "1923"]
[BlackElo "1971"]
[WhiteTeam "SV Eichlinghofen 1935"]
[BlackTeam "SV SW Oberhausen"]

1. c4 c5 2. Nc3 Nc6 3. Nf3 Nf6 4. e4 d6 5. d3 g6 6. Be2 Bg7 7. O-O O-O 8. Be3
Rb8 9. Qd2 Re8 10. Ne1 a6 11. f4 Ng4 12. Bxg4 Bxg4 13. h3 1/2-1/2

[Event "14. Off. Herner Stadtmeisterschaft 2011"]
[Site "?"]
[Date "2011.03.21"]
[Round "6.7"]
[White "Fischöder, Heiko"]
[Black "Wimber, Hartmut"]
[Result "0-1"]
[WhiteElo "1989"]
[BlackElo "1889"]
[PlyCount "54"]
[EventDate "2011.??.??"]
[WhiteTeam "SV Unser Fritz W-E"]
[BlackTeam "SV Recklinghausen-Süd"]

1. d4 Nf6 2. c4 c5 3. d5 b5 4. cxb5 a6 5. bxa6 Bxa6 6. Nc3 g6 7. g3 Bg7 8. Bg2
d6 9. Nf3 O-O 10. O-O Nbd7 11. Qc2 Qa5 12. h3 Rfb8 13. Rb1 Nb6 14. Rd1 Nfd7 15.
Bg5 Nc4 16. Bxe7 Re8 17. Bg5 Nxb2 18. Bd2 Nxd1 19. Rxd1 Qa3 20. Bf1 Nb6 21. Ne4
Nxd5 22. Nxd6 Rxe2 23. Ng5 Bd4 24. Bxe2 Bxe2 25. Re1 Qxg3+ 26. Kh1 Bf3+ 27.
Nxf3 Qxf3+ 0-1

[Event "14. Off. Herner Stadtmeisterschaft 2011"]
[Site "?"]
[Date "2011.03.21"]
[Round "6.8"]
[White "Maczkowiak, Thomas"]
[Black "Kolakovic, Klaudio"]
[Result "1/2-1/2"]
[WhiteElo "1932"]
[BlackElo "2044"]
[PlyCount "71"]
[EventDate "2011.??.??"]
[WhiteTeam "SG Ennepe-Ruhr-Süd"]
[BlackTeam "Südlohner SV 1956"]

1. Nf3 Nc6 2. c4 e5 3. d4 exd4 4. Nxd4 Bc5 5. Nxc6 bxc6 6. Nc3 Nf6 7. g3 h5 8.
Bg2 h4 9. Ne4 Nxe4 10. Bxe4 hxg3 11. hxg3 Rxh1+ 12. Bxh1 Qf6 13. Bf3 Bb7 14.
Rb1 a5 15. Qd3 O-O-O 16. Be3 Bxe3 17. Qxe3 Qe6 18. Qxe6 dxe6 19. Rd1 Ba6 20. b3
Rxd1+ 21. Kxd1 Kd7 22. Kd2 c5 23. Ke3 Kd6 24. g4 Bc8 25. Kf4 f6 26. e4 g5+ 27.
Ke3 Ke5 28. Be2 f5 29. f3 Bd7 30. Bd1 Bc6 31. Bc2 fxg4 32. fxg4 Kd6 33. Bd1 Bd7
34. Bf3 Kc6 35. e5+ Kb6 36. a4 1/2-1/2

[Event "14. Off. Herner Stadtmeisterschaft 2011"]
[Site "?"]
[Date "2011.03.21"]
[Round "6.9"]
[White "Scheibe, Werner"]
[Black "Wenzel, Martin"]
[Result "0-1"]
[WhiteElo "1873"]
[BlackElo "1891"]
[WhiteTeam "SK Herne-Sodingen 24"]
[BlackTeam "SF Buer 21/74"]

1. d4 c5 2. e3 cxd4 3. exd4 d5 4. Bd3 Nf6 5. c3 e6 6. Nf3 Bd6 7. O-O O-O 8. Bg5
b6 9. Ne5 Ba6 10. f4 Bxd3 11. Qxd3 Be7 12. Nd2 Ne8 13. Bxe7 Qxe7 14. Rf3 f6 15.
Rh3 g6 16. Ng4 Nd6 17. Re1 Nc6 18. Nh6+ Kh8 19. g4 f5 20. g5 Ne4 21. Nxe4 dxe4
22. Qb5 Qd6 23. Rg3 Rac8 24. Qf1 Ne7 25. Re2 Nd5 26. Rf2 Kg7 27. h4 a5 28. Rgg2
Ne3 29. Qe2 Nxg2 30. Kxg2 Qd5 31. a3 b5 32. Kg3 Qc4 33. Qd1 Rc7 34. Rd2 Rd8 35.
h5 b4 36. cxb4 axb4 37. axb4 Qxb4 38. hxg6 hxg6 39. d5 Rcd7 40. Rd4 Rxd5 41.
Rxd5 Rxd5 42. Qc1 Rd3+ 43. Kh4 Qd6 44. Nxf5+ gxf5 0-1

[Event "14. Off. Herner Stadtmeisterschaft 2011"]
[Site "?"]
[Date "2011.03.21"]
[Round "6.10"]
[White "Radi, Günter"]
[Black "Barth, Hans-Joachim"]
[Result "1-0"]
[WhiteElo "1862"]
[BlackElo "1736"]
[PlyCount "73"]
[EventDate "2011.??.??"]
[WhiteTeam "SV Günnigfeld 1922"]
[BlackTeam "SC Dolce Vita 93"]

1. d4 Nf6 2. Nf3 e6 3. c4 b6 4. Nc3 Bb4 5. Bd2 Bb7 6. e3 O-O 7. Bd3 d5 8. O-O
Nbd7 9. Rc1 Bxc3 10. Bxc3 dxc4 11. Bxc4 Ne4 12. Bb4 c5 13. Ba3 Qf6 14. Qe2 a6
15. Bd3 Rfc8 16. Rfd1 cxd4 17. Rxc8+ Rxc8 18. Bxa6 d3 19. Bxd3 Ne5 20. Nxe5
Qxe5 21. f3 Nf6 22. Qf2 Qa5 23. Qd2 Qe5 24. b3 Ra8 25. Bb4 Qg5 26. e4 Qe5 27.
Bb1 h6 28. Qd4 Qc7 29. Bd6 Qc6 30. Bf4 h5 31. Be3 b5 32. Rc1 Qe8 33. Bg5 Rd8
34. Qb6 Qd7 35. e5 Nd5 36. Qxd8+ Qxd8 37. Bxd8 1-0

[Event "14. Off. Herner Stadtmeisterschaft 2011"]
[Site "?"]
[Date "2011.03.21"]
[Round "6.11"]
[White "Nebel, Uwe"]
[Black "Markert, Dirk"]
[Result "1-0"]
[WhiteElo "2016"]
[BlackElo "1859"]
[PlyCount "70"]
[EventDate "2011.??.??"]
[WhiteTeam "SG Drewer 54"]
[BlackTeam "SV Kamen 1930"]

1. e4 e6 2. d4 d5 3. Nd2 dxe4 4. Nxe4 Nd7 5. Be3 Ngf6 6. Nxf6+ Nxf6 7. Bd3 Be7
8. Nf3 O-O 9. Ng5 Qd5 10. Kf1 h6 11. h4 c5 12. dxc5 Bd7 13. c4 Qe5 14. Bd4 Qc7
15. Bxf6 Bxf6 16. Nh7 Bxb2 17. Rb1 Be5 18. Nxf8 Kxf8 19. Be4 Bc6 20. Qf3 Rd8
21. Bxc6 bxc6 22. Rd1 Rb8 23. Qd3 Rb2 24. a3 a5 25. Rh3 Ke7 26. Re3 Bf4 27. Re4
f5 28. Rd4 Kf6 29. Qc3 e5 30. Rd6+ Ke7 31. Rd7+ Qxd7 32. Rxd7+ Kxd7 33. Qxb2
Ke6 34. g3 e4 35. gxf4 e3 1-0

[Event "14. Off. Herner Stadtmeisterschaft 2011"]
[Site "?"]
[Date "2011.03.21"]
[Round "6.12"]
[White "Wiesemann, Peter"]
[Black "Wolff, Christoph"]
[Result "1/2-1/2"]
[WhiteElo "1697"]
[BlackElo "2091"]
[PlyCount "111"]
[EventDate "2011.??.??"]
[WhiteTeam "Elberfelder SG"]
[BlackTeam "SC Buer-Hassel 1919"]

1. d4 Nf6 2. Bg5 g6 3. Bxf6 exf6 4. e3 Bg7 5. g3 d5 6. Bg2 c6 7. Nd2 Qb6 8. Rb1
Bf5 9. Ne2 O-O 10. e4 dxe4 11. Bxe4 Bxe4 12. Nxe4 f5 13. Nc5 Na6 14. Na4 Qa5+
15. c3 Qd5 16. O-O b5 17. Nf4 Qd6 18. Nc5 Nxc5 19. dxc5 Qxc5 20. Qf3 Rad8 21.
Rbd1 Qb6 22. Rxd8 Rxd8 23. Rd1 Rxd1+ 24. Qxd1 Qc7 25. Qe2 Qe5 26. Qd1 Qe7 27.
a4 bxa4 28. Qxa4 Qe1+ 29. Kg2 Qe4+ 30. Qxe4 fxe4 31. f3 exf3+ 32. Kxf3 Kf8 33.
Nd3 Ke7 34. g4 h6 35. h3 Ke6 36. c4 f5 37. b3 Be5 38. gxf5+ gxf5 39. Nb4 Kd7
40. Nd3 Bd6 41. Ke3 Ke6 42. Kd4 a5 43. Ke3 Kf6 44. Ne1 Be5 45. Nf3 Bc3 46. Kd3
Bb2 47. Ke3 Ke6 48. Ne1 Bc1+ 49. Kd4 Kd6 50. Nd3 c5+ 51. Kc3 Be3 52. Ne1 Ke5
53. Kd3 Bd4 54. Nf3+ Kf4 55. Nxd4 cxd4 56. Kxd4 1/2-1/2

[Event "14. Off. Herner Stadtmeisterschaft 2011"]
[Site "?"]
[Date "2011.03.21"]
[Round "6.13"]
[White "Grothuesmann, Heinz"]
[Black "Brinkmann, Uwe"]
[Result "0-1"]
[WhiteElo "1641"]
[BlackElo "1950"]
[WhiteTeam "SK RE-Altstadt 06"]
[BlackTeam "SV Günnigfeld 1922"]

1. e4 e5 2. Nf3 d6 3. d4 Nd7 4. Bc4 c6 5. dxe5 dxe5 6. O-O Be7 7. a4 Ngf6 8.
Nc3 O-O 9. h3 Qc7 10. Re1 Nc5 11. Nh2 Be6 12. Bxe6 Nxe6 13. Ng4 Rfd8 14. Nxf6+
Bxf6 15. Qe2 Nd4 16. Qc4 Nxc2 17. Nb5 Qa5 18. b4 Qxb4 19. Qxb4 Nxb4 20. Na3 Nd3
0-1

[Event "14. Off. Herner Stadtmeisterschaft 2011"]
[Site "?"]
[Date "2011.03.21"]
[Round "6.15"]
[White "Odenwald, Andreas"]
[Black "Winterkamp, Sascha"]
[Result "0-1"]
[WhiteElo "1590"]
[BlackElo "1842"]
[WhiteTeam "SV Waltrop 1922"]
[BlackTeam "SG Höntrop 1947"]

1. Nc3 Nf6 2. e4 d6 3. Bc4 g6 4. Nf3 Bg7 5. d3 O-O 6. h3 h6 7. Be3 c6 8. Bb3 e5
9. Qd2 Kh7 10. g4 Ne8 11. g5 h5 12. O-O-O Nd7 13. Nh4 Nc5 14. f4 Nxb3+ 15. axb3
exf4 16. Bxf4 a5 17. d4 a4 18. Nxa4 b5 19. Nc3 Ra1+ 20. Nb1 Bb7 21. Qe2 Qa5 22.
c3 b4 23. c4 d5 24. Be5 dxc4 25. bxc4 Bxe5 26. dxe5 Qxe5 27. Nf3 Qf4+ 28. Kc2
c5 29. Nbd2 Rxd1 30. Rxd1 Nd6 31. Kb3 Re8 32. e5 Nf5 33. Qd3 Bc6 34. Rf1 Ra8
35. Kc2 Ne3+ 36. Kb1 Nxf1 37. Qxf1 Qf5+ 0-1

[Event "14. Off. Herner Stadtmeisterschaft 2011"]
[Site "?"]
[Date "2011.03.21"]
[Round "6.16"]
[White "Kowalczyk, Frank"]
[Black "Grunwald, Günther"]
[Result "1-0"]
[WhiteElo "1796"]
[BlackElo "1695"]
[PlyCount "105"]
[EventDate "2011.??.??"]
[WhiteTeam "SK Herne-Sodingen 24"]
[BlackTeam "SV SW Oberhausen"]

1. e4 e5 2. Nf3 Nc6 3. Bc4 Be7 4. d4 d6 5. h3 Nf6 6. Nc3 O-O 7. a3 exd4 8. Nxd4
Nxd4 9. Qxd4 a6 10. Bg5 c6 11. O-O-O b5 12. Be2 c5 13. Qe3 Bb7 14. e5 Nd7 15.
Bxe7 Qxe7 16. Rxd6 Nxe5 17. Rhd1 Rfe8 18. f4 Ng6 19. Qxe7 Nxe7 20. g4 Kf8 21.
f5 Bg2 22. Bf1 Bxf1 23. Rxf1 Red8 24. Rfd1 Rxd6 25. Rxd6 f6 26. Ne2 Ra7 27. Nf4
Kf7 28. Ne6 c4 29. Rd8 Nc6 30. Rf8+ Ke7 31. Rh8 Kd6 32. Rxh7 g6 33. Rxa7 Nxa7
34. Nd4 gxf5 35. Nxf5+ Ke6 36. Kd2 Nc6 37. Ke3 Ne5 38. Ke4 Nf7 39. Ng7+ Ke7 40.
h4 Nd6+ 41. Kd5 Nb7 42. Nf5+ Kd7 43. h5 Nd8 44. Nd6 Ne6 45. h6 Ng5 46. Nf5 Nh7
47. Ng7 Ke7 48. Ne6 Kf7 49. Nf4 Nf8 50. Kc6 Ng6 51. Nh5 Ne5+ 52. Kb6 Nxg4 53.
h7 1-0

[Event "14. Off. Herner Stadtmeisterschaft 2011"]
[Site "?"]
[Date "2011.03.21"]
[Round "6.17"]
[White "Gallert, Heinz-Peter"]
[Black "Domnik, Roland"]
[Result "0-1"]
[WhiteElo "1736"]
[BlackElo "1715"]
[PlyCount "64"]
[EventDate "2011.??.??"]
[WhiteTeam "SV Günnigfeld 1922"]
[BlackTeam "SC Gerthe 46"]

1. e4 b6 2. Bc4 e6 3. Nc3 Bb7 4. Nf3 Bb4 5. O-O Bxc3 6. dxc3 Bxe4 7. Re1 d5 8.
Ng5 Nf6 9. Bb3 Bf5 10. h3 h6 11. Nf3 O-O 12. Bf4 c5 13. Ne5 Nfd7 14. Ba4 Nxe5
15. Bxe5 a6 16. c4 Qe7 17. g4 Bg6 18. cxd5 b5 19. dxe6 Qb7 20. Bd6 Re8 21. f4
Rxe6 22. f5 Rxe1+ 23. Qxe1 Bxf5 24. Qe8+ Kh7 25. gxf5 Nc6 26. Qe4 bxa4 27. f6+
g6 28. Rd1 Rd8 29. Qd5 Qd7 30. Rd3 Nb4 31. Qc4 Nxd3 32. cxd3 Kg8 0-1

[Event "14. Off. Herner Stadtmeisterschaft 2011"]
[Site "?"]
[Date "2011.03.21"]
[Round "6.19"]
[White "Pohl, Martin"]
[Black "Sikorski, Thomas"]
[Result "1-0"]
[WhiteElo "1700"]
[BlackElo "1847"]
[PlyCount "78"]
[EventDate "2011.??.??"]
[WhiteTeam "SV Unser Fritz W-E"]
[BlackTeam "SK Herne-Sodingen 24"]

1. c4 c6 2. g3 d6 3. Bg2 e5 4. Nc3 Nf6 5. d3 Be7 6. Nf3 O-O 7. O-O Nbd7 8. b4
Qc7 9. Rb1 Rd8 10. Bd2 Nf8 11. b5 Ng6 12. b6 axb6 13. Be3 Ra6 14. Qb3 c5 15.
Bg5 Be6 16. Nb5 Qd7 17. Nd2 Bh3 18. Bxf6 Bxf6 19. Ne4 Bxg2 20. Kxg2 Be7 21.
Nec3 Rda8 22. a3 Bd8 23. Nd5 Ne7 24. Nxe7+ Qxe7 25. e4 g5 26. Qd1 Qe6 27. f4
exf4 28. gxf4 gxf4 29. Rxf4 Kh8 30. Qh5 Qg6+ 31. Qxg6 fxg6 32. Rbf1 Bg5 33. Rf7
Rd8 34. Rxb7 Raa8 35. Rff7 h5 36. Rh7+ Kg8 37. Rbg7+ Kf8 38. Nc7 Bf6 39. Ne6+
Ke8 1-0

[Event "14. Off. Herner Stadtmeisterschaft 2011"]
[Site "?"]
[Date "2011.03.21"]
[Round "6.20"]
[White "Böcker, Jürgen"]
[Black "Stratmann, Lars"]
[Result "1-0"]
[WhiteElo "1690"]
[BlackElo "1385"]
[PlyCount "69"]
[EventDate "2011.??.??"]
[WhiteTeam "Velberter SG"]
[BlackTeam "SV SW Oberhausen"]

1. e4 e6 2. d4 d5 3. exd5 exd5 4. Nf3 Nf6 5. Bd3 Bd6 6. O-O O-O 7. Re1 Re8 8.
h3 c6 9. Nbd2 h6 10. Ne5 Qc7 11. Ndf3 Nbd7 12. Bf4 a5 13. c4 c5 14. Rc1 cxd4
15. cxd5 Qb8 16. Bb5 Re7 17. Bxd7 Nxd7 18. Qxd4 f6 19. Ng6 Rxe1+ 20. Nxe1 Kf7
21. Qe4 Bxf4 22. Nxf4 Ne5 23. Ned3 Nxd3 24. Qg6+ Kf8 25. Nxd3 Qd6 26. Qe4 Bd7
27. Nc5 b6 28. Nxd7+ Qxd7 29. Qe6 Qxe6 30. dxe6 Ke7 31. Rc6 b5 32. f4 g5 33. f5
Rd8 34. Rc5 Rb8 35. Rc7+ 1-0

[Event "14. Off. Herner Stadtmeisterschaft 2011"]
[Site "?"]
[Date "2011.03.21"]
[Round "6.21"]
[White "Engwald, Siegfried"]
[Black "Stenzel, Gerhard"]
[Result "0-1"]
[WhiteElo "1443"]
[BlackElo "1688"]
[PlyCount "78"]
[EventDate "2011.??.??"]
[WhiteTeam "SK Ickern 60"]
[BlackTeam "SV Unser Fritz W-E"]

1. c4 e5 2. Nc3 Nf6 3. g3 c6 4. Bg2 Bb4 5. a3 Ba5 6. b4 Bc7 7. e4 O-O 8. Nf3 d6
9. O-O Be6 10. d3 h6 11. Be3 Qd7 12. Qb3 b5 13. a4 bxc4 14. dxc4 Ng4 15. Bd2
Na6 16. Na2 Rab8 17. Qc2 f5 18. Nh4 f4 19. h3 g5 20. Nf5 Bxf5 21. exf5 Nf6 22.
Rfd1 fxg3 23. fxg3 Bb6+ 24. c5 dxc5 25. Bxg5 Nxb4 26. Qd2 Qxd2 27. Rxd2 hxg5
28. Nxb4 cxb4+ 29. Kh2 e4 30. Rd6 Rbc8 31. Re1 c5 32. Bxe4 Nxe4 33. Rg6+ Kh7
34. Rxe4 Rxf5 35. Rge6 c4 36. h4 gxh4 37. gxh4 c3 38. Kg3 Rfc5 39. Rd6 Bc7 0-1

[Event "14. Off. Herner Stadtmeisterschaft 2011"]
[Site "?"]
[Date "2011.03.21"]
[Round "6.22"]
[White "Ponto, Michael"]
[Black "Burosch, Raimund"]
[Result "1-0"]
[WhiteElo "1630"]
[BlackElo "1254"]
[PlyCount "81"]
[EventDate "2011.??.??"]
[WhiteTeam "SV Constantin Herne"]
[BlackTeam "SV Unna 1924"]

1. d4 Nf6 2. c4 g6 3. Nc3 Bg7 4. e4 d6 5. Nf3 Nbd7 6. Be2 e5 7. dxe5 dxe5 8.
Qc2 O-O 9. O-O c6 10. Rd1 Qc7 11. b4 Re8 12. h3 a6 13. a4 Nf8 14. Be3 Ne6 15.
a5 Qe7 16. c5 Nf4 17. Bf1 h5 18. Na4 Be6 19. Rd6 Nh7 20. Rad1 Ng5 21. Nh2 h4
22. Nb6 Rad8 23. f3 f5 24. Bc4 Bxc4 25. Qxc4+ Kh7 26. Rd7 Rxd7 27. Rxd7 Ngxh3+
28. Kh1 Qg5 29. Qf1 Nh5 30. Bf2 Qe3 31. gxh3 Ng3+ 32. Bxg3 hxg3 33. Nc4 Qf4 34.
Nd6 Rf8 35. Rxb7 gxh2 36. exf5 Rf6 37. Ne8 Rxf5 38. Nxg7 Rf7 39. Ne6 Qf5 40.
Rxf7+ Qxf7 41. Ng5+ 1-0

[Event "14. Off. Herner Stadtmeisterschaft 2011"]
[Site "?"]
[Date "2011.03.21"]
[Round "6.23"]
[White "Bittner, Reinhard"]
[Black "Przystaw, Andreas"]
[Result "0-1"]
[WhiteElo "1408"]
[BlackElo "1603"]
[WhiteTeam "SV Unser Fritz W-E"]
[BlackTeam "SV Constantin Herne"]

1. d4 g6 2. Nf3 Bg7 3. Bg5 Nf6 4. c4 d6 5. Nc3 O-O 6. e4 Bg4 7. Be2 Nc6 8. Qd2
Bxf3 9. Bxf3 e5 10. d5 Nd4 11. O-O-O Qc8 12. Ne2 Nxf3 13. gxf3 Nd7 14. Bh6 Nc5
15. Bxg7 Kxg7 16. Ng3 h6 17. Rdg1 Kh7 18. h4 b5 19. cxb5 Qb7 20. h5 g5 21. Nf5
f6 22. Ne7 Qxb5 23. Rd1 Rfb8 24. Nc6 Nd3+ 25. Qxd3 Qxb2# 0-1

[Event "14. Off. Herner Stadtmeisterschaft 2011"]
[Site "?"]
[Date "2011.03.21"]
[Round "6.24"]
[White "Sudrawitz, Günter"]
[Black "Binias, Siegfried"]
[Result "0-1"]
[WhiteElo "1307"]
[BlackElo "1838"]
[PlyCount "70"]
[EventDate "2011.??.??"]
[WhiteTeam "SV Constantin Herne"]
[BlackTeam "SF Buer 21/74"]

1. e4 d5 2. exd5 Qxd5 3. Nc3 Qd6 4. Nf3 Nf6 5. h3 a6 6. d3 b5 7. a3 Bb7 8. Be2
e6 9. O-O h6 10. Be3 Nbd7 11. Qc1 Be7 12. b4 O-O 13. Nh2 Rfe8 14. Bf3 Bxf3 15.
Nxf3 c5 16. bxc5 Nxc5 17. Bxc5 Qxc5 18. Ne2 Rac8 19. Ra2 Rc7 20. Qe3 Qd5 21.
Raa1 Rxc2 22. Rfc1 Rec8 23. Rxc2 Rxc2 24. Ne1 Rc7 25. Qb6 Rc6 26. Qb8+ Kh7 27.
Qf4 Bd6 28. Qf3 Qxf3 29. Nxf3 Nd5 30. g4 Nf4 31. Nxf4 Bxf4 32. Rb1 Rc3 33. a4
Rxd3 34. axb5 Rxf3 35. bxa6 Ra3 0-1

[Event "14. Off. Herner Stadtmeisterschaft 2011"]
[Site "?"]
[Date "2011.03.21"]
[Round "6.25"]
[White "Tenhagen, Hermann"]
[Black "Pohl, Markus"]
[Result "1-0"]
[WhiteElo "1538"]
[BlackElo "1521"]
[PlyCount "61"]
[EventDate "2011.??.??"]
[WhiteTeam "Südlohner SV"]
[BlackTeam "SV Unser Fritz W-E"]

1. e4 b6 2. d4 e6 3. Nf3 Bb7 4. Bd3 Nf6 5. Nc3 Bb4 6. O-O Bxc3 7. bxc3 Nxe4 8.
Bb2 Ng5 9. Be2 O-O 10. Re1 d6 11. c4 Qf6 12. Nxg5 Qxg5 13. Bf3 Bxf3 14. Qxf3
Na6 15. Bc1 Qf5 16. Qc3 c5 17. dxc5 dxc5 18. Re5 Rad8 19. Bg5 Qg4 20. Bxd8 Rxd8
21. f3 Qg6 22. Re4 Nb4 23. a3 Nc6 24. Kf2 Qh6 25. Rae1 Qxh2 26. Qe3 h5 27. Qg5
g6 28. Rh4 Qd6 29. Rhe4 Ne7 30. R4e3 f6 31. Qxf6 1-0

[Event "14. Off. Herner Stadtmeisterschaft 2011"]
[Site "?"]
[Date "2011.03.21"]
[Round "6.28"]
[White "Kümmel, Hans-Jürgen"]
[Black "Czarnecki, Günter"]
[Result "1-0"]
[WhiteElo "1380"]
[BlackElo "1076"]
[PlyCount "101"]
[EventDate "2011.??.??"]
[WhiteTeam "SG Höntrop 1947"]
[BlackTeam "SV Unser Fritz W-E"]

1. c4 e5 2. Nc3 Bc5 3. Nf3 Nc6 4. g3 a6 5. Bg2 f6 6. O-O Nh6 7. d3 d6 8. Bxh6
gxh6 9. Qd2 h5 10. Qh6 Be6 11. Ne4 Kd7 12. Nxc5+ dxc5 13. Qxh5 Qe7 14. Nh4 Bf7
15. Bxc6+ Kxc6 16. Qf3+ Kb6 17. Qe3 Rad8 18. b4 Rhg8 19. Nf5 Qf8 20. bxc5+ Ka7
21. Rab1 Rb8 22. Nh6 Rg7 23. Nxf7 Rxf7 24. Rb2 c6 25. Rfb1 Qc8 26. Qf3 Qe6 27.
e3 Qd7 28. Rd1 h6 29. d4 Rd8 30. Rbd2 Qe7 31. Qf5 exd4 32. Rxd4 Rff8 33. Rd7
Rxd7 34. Rxd7 Qe5 35. Qxe5 fxe5 36. Re7 Rd8 37. Rxe5 Rd1+ 38. Kg2 Ra1 39. Rh5
Rxa2 40. Rxh6 a5 41. Rd6 Rc2 42. h4 Rxc4 43. h5 Rxc5 44. h6 a4 45. g4 Re5 46.
h7 Re8 47. Rh6 Rh8 48. g5 a3 49. g6 a2 50. Rh1 b5 51. Ra1 1-0

[Event "14. Off. Herner Stadtmeisterschaft 2011"]
[Site "?"]
[Date "2011.03.21"]
[Round "6.29"]
[White "Quäschling, Udo"]
[Black "Säglitz, Patrick"]
[Result "0-1"]
[WhiteElo "1787"]
[BlackElo "1382"]
[WhiteTeam "SV Constantin Herne"]
[BlackTeam "SC Gerthe 46"]

1. d4 d5 2. c4 e6 3. Nf3 Nf6 4. e3 Bb4+ 5. Bd2 Bxd2+ 6. Nbxd2 O-O 7. Bd3 c6 8.
O-O Nbd7 9. Qc2 a6 10. Ng5 h6 11. Nh7 Nxh7 12. Bxh7+ Kh8 13. Nf3 g6 14. Bxg6
fxg6 15. Qxg6 Qf6 16. Qh5 dxc4 17. Nh4 Rg8 18. Rac1 Nb6 19. Nf3 Bd7 20. Ne5
Raf8 21. Ng4 Qg6 22. Qxh6+ Qxh6 23. Nxh6 Rg6 24. b3 cxb3 25. axb3 Rxh6 26. e4
Kg7 27. f4 Kf7 28. Rc5 Rfh8 29. h3 Rg8 30. Rf3 Nc8 31. Rg5 Rhg6 32. h4 Ke8 33.
Rfg3 Rxg5 34. fxg5 Ne7 35. h5 Kf7 36. Rf3+ Kg7 0-1